La collezionista di sogni infranti /

Gardado en:
Detalles Bibliográficos
Autor Principal: Baraldi, Barbara (Author)
Formato: Libro
Idioma:Lingua italiana
Publicado: Bologna : Perdisa, [2007]
Series:Babelesuite
Tags: Engadir etiqueta
Sen Etiquetas, Sexa o primeiro en etiquetar este rexistro!

MARC

LEADER 00000nam a22000007i 4500
001 IT\ICCU\UBO\3345368
003 ItRI
005 20260115232147.0
008 071220s2007 it |||||| ||||| |||||c
020 |a 9788883724268 
040 |b ita  |c importazione bologna sebina 
041 7 |a ita  |2 ISO-639-2 
082 |a 853  |9 NARRATIVA ITALIANA  |2 22 
100 1 |a Baraldi, Barbara  |0 IT\ICCU\UBOV\215737  |4 aut 
245 1 3 |a La collezionista di sogni infranti /  |c Barbara Baraldi. 
260 |a Bologna :  |b Perdisa,  |c [2007] 
300 |a 116 p. ;  |c 17 cm. 
830 0 |a Babelesuite  |0 IT\ICCU\UBO\3341777 
942 |2 ddc  |c BK  |n 0 
952 |0 0  |1 0  |4 0  |6 L_853_920000000000000_BAR  |7 0  |9 21165  |a BO  |b BO  |d 2026-01-15  |i 12805  |l 0  |o L 853.92 BAR  |p BO12805  |r 2026-01-15 23:21:47  |w 2026-01-15  |x [Sebina 5] [1 v.]  |y BK  |z 1 v. 
999 |c 18086  |d 18086